| 000 | 00816nam a2200229 a 4500 | ||
|---|---|---|---|
| 001 | 000005649 | ||
| 005 | 20200929151730.0 | ||
| 008 | 930624b ck a b f001 0 spa | ||
| 020 | _a9586120961 | ||
| 040 |
_aDO-SdBNP _bspa _cBNPHU |
||
| 082 |
_a986.1 _bV432d |
||
| 100 | 1 |
_aVelandia, Roberto. _97501 |
|
| 245 | 1 | 0 |
_aDescubrimiento y caminos de los llanos orientales / _cRoberto Velandia. |
| 260 |
_aBogotá : _bColcultura, _c[s.f.]. |
||
| 300 |
_a303 p. : _bil. ; _c25 cm. |
||
| 490 | 1 | _aHistoria de la Biblioteca Nacional | |
| 504 | _aIncluye referencias bibliográficas. | ||
| 650 | 4 |
_aColombia _xHistoria _xDescubrimiento y conquista, _915981 |
|
| 740 | 0 | _aDescubrimientos y caminos de los llanos orientales. | |
| 830 | 0 |
_aHistoria de la Biblioteca Nacional _915982 |
|
| 910 | _aCatalogación original noche /LC | ||
| 999 |
_c5448 _d5448 |
||